| 000 | 02169nam a2200277 a 4500 | ||
|---|---|---|---|
| 001 | BRCA_8769 | ||
| 005 | 20190320210412.0 | ||
| 008 | 290317s1777----sp-#######---#000-0#spa-# | ||
| 041 | _aspa | ||
| 044 | _asp | ||
| 084 |
_aBE134 _b.S46 1777 |
||
| 100 | 1 |
_aSeñeri, Pablo _d1624-1694 _921265 |
|
| 245 | 1 | 0 |
_aEl christianismo instruido en su ley _bdiscursos morales y doctrinales _cdados a luz en lengua toscana por el Rmo. Padre Pablo Señeri, de la extinguida compañía de Jesús, predicador que fue de nuestro santissimo Padre Inocencio XII; y traducidos al castellano por Don Juan de Espinola, Baeza, Echaburu. |
| 260 |
_aMadrid _bEn la Imprenta de Blas Román _c1777 |
||
| 300 |
_a[4], 451 p. (t.4) _c21.2 x 15.5 cm. |
||
| 500 | _aCon las licencias necesarias | ||
| 500 | _aEn portada: Obra utilísima para todo genero de personas dóctas, é indoctas, llena de todo genero de erudición sagrada, y profana. Corregida y enmendada en esta ultima impresión, con índice de las cosas más notables que se encuentran en el. | ||
| 500 | _aEstado físico: presenta encuadernación en pergamino, con algunas hojas manchadas | ||
| 500 | _aCon marca de fuego: “Procedencia de la marca: Convento de San Francisco de Silao, Guanajuato(1). Institución: Provincia de San Pedro y San Pablo de Michoacán. Descripción: Abreviatura de la palabra Conv[en]to seguido del monograma compuesto por las iniciales “A”, “S”, “I” y “L” que se desata como Silao. El todo inscrito en un rectángulo. Observaciones: David Saavedra la adjudica al Convento Franciscano de Silao, Guanajuato. Con el testimonio de pertenencia ubicado en este ejemplar se corrobora la atribución realizada por David Saavedra. Ubicación de la marca en el libro: Canto superior, inferior y lateral” | ||
| 650 | 1 | 4 |
_aCristianismo _yObras anteriores a 1800 _921839 |
| 700 | 1 |
_aEspinola, Baeza, Echaburu, Juan de _etr. _921840 |
|
| 700 | 1 |
_aRomán, Blas _eImpresor _921841 |
|
| 856 | _ahttp://www.marcasdefuego.buap.mx:8180/xmLibris/projects/firebrand/item.jsp?repository=marcas_de_fuego&key=marcas_de_fuego_franciscanas_20150807140752_1047.xml&num=130 | ||
| 902 | _aCFM | ||
| 942 |
_2lcc _cB |
||
| 999 |
_c8420 _d8420 |
||